| 000 | 00888 a2200169 4500 | ||
|---|---|---|---|
| 003 | Nust | ||
| 005 | 20221017125953.0 | ||
| 040 | _cNust | ||
| 082 | _a600,MEH | ||
| 100 |
_aMehmud, Salim, _9100463 |
||
| 245 |
_aModern developments in science and technology Vol.I & II _cMehmud, Salim, 1935- |
||
| 260 |
_aKarachi : Pakistan _bSpace & Upper Atmosphere Research Commission, _c1984-<1985> |
||
| 300 |
_a145,and 212,p _b(some col.), port. ; 22 cm. |
||
| 505 | _aSpace Science and Technology (Page-1), Microelectronics (Page-47), Military Sciences (Page-65), Energy (Page-103), General (Page-133). Space Science and Technology (Page-11), Electronics (Page-45), Lasers Technology (Page-71), Earth Sciences Genetic Engineering (Page-123), Environment (Page-133), Industry (Page-160), Education (Page-199). | ||
| 650 |
_aModern developments in science and technology _9100464 |
||
| 942 |
_2ddc _cBK |
||
| 999 |
_c183275 _d183275 |
||